Các văn bản về đào tạo cao đẳng, đại học, trung cấp chuyên nghiệp : Ban hành từ tháng 5-2007 đến tháng 4-2007

Giới thiệu các nghị định thông tư của chính phủ ban hành về quy chế đào tạo cao đẳng, đại học, trung cấp chuyên nghiệp.

Uloženo v:
Podrobná bibliografie
Médium: Kniha
Jazyk:Undetermined
Vydáno: Hà Nội Chính trị Quốc gia 2008
Témata:
Tagy: Přidat tag
Žádné tagy, Buďte první, kdo otaguje tento záznam!
Thư viện lưu trữ: Trung tâm Học liệu Trường Đại học Cần Thơ
LEADER 00888nam a2200193Ia 4500
001 CTU_148221
008 210402s9999 xx 000 0 und d
020 |c 79000 
082 |a 344.59707 
082 |b C101 
245 0 |a Các văn bản về đào tạo cao đẳng, đại học, trung cấp chuyên nghiệp : 
245 0 |b Ban hành từ tháng 5-2007 đến tháng 4-2007 
260 |a Hà Nội 
260 |b Chính trị Quốc gia 
260 |c 2008 
520 |a Giới thiệu các nghị định thông tư của chính phủ ban hành về quy chế đào tạo cao đẳng, đại học, trung cấp chuyên nghiệp. 
650 |a Educational law and legislation,Luật giáo dục và các văn bản quy phạm pháp luật 
904 |i Trọng Hiếu 
980 |a Trung tâm Học liệu Trường Đại học Cần Thơ